| 000 | 00840nam a2200277 a 4500 | ||
|---|---|---|---|
| 001 | 61322 | ||
| 003 | BD-RjUL | ||
| 005 | 20211209080940.0 | ||
| 008 | 170117s1952 nyua 001 0 eng d | ||
| 035 | _a(BD-RjUL)61446 | ||
| 035 | _a(OCoLC)01999046 | ||
| 040 |
_aDLC _cROB _dNRC _dBD-RjUL _beng |
||
| 041 | _aeng | ||
| 082 |
_a330 _223 _bKNE 1952 |
||
| 100 | 1 |
_aKnight, Bruce Winton. _9182888 |
|
| 245 | 1 | 0 |
_aEconomics : _ban introductory analysis of the level, composition and distribution of economic income / _c[by] Bruce Winton Knight and Lawrence Gregory Hines. |
| 250 | _a1st ed. | ||
| 260 |
_aNew York : _bKnopf, _c1952. |
||
| 300 |
_a917 p. : _bill. ;. _c25 cm. |
||
| 500 | _aIncludes index | ||
| 650 | 0 |
_aEconomics. _9170576 |
|
| 942 |
_2ddc _cBK |
||
| 946 | _at | ||
| 949 |
_ac _p39080020350846 |
||
| 999 |
_c61322 _d61322 |
||